| 000 | 00560nam a2200121Ia 4500 | ||
|---|---|---|---|
| 008 | 171212s9999 xx 000 0 und d | ||
| 020 | _a9780833058973 | ||
| 100 | _aSchank, John F.;Lacroix, Frank W.;Murphy, Robert E.;Ip, Cesse Cameron;Arena, Mark V. | ||
| 245 |
_cSchank, John F.;Lacroix, Frank W.;Murphy, Robert E.;Ip, Cesse Cameron;Arena, Mark V. _aLearning from Experience _bVolume III: Lessons from the United Kingdom's Astute Submarine Program |
||
| 260 |
_bRAND Corporation _c2011 |
||
| 650 | _aHistory | ||
| 856 | _uwww.jstor.org/stable/10.7249/j.ctt3fgzx8 | ||
| 999 |
_c352262 _d352262 |
||